Loading...
History - European History | 1 | 3 | 0 | 1 | 45 | 25 | 90.25 | 1 | 3 |
History - World History | 0 | 3 | 1 | 0 | 25 | 100 | 109.67 | 0 | 2 |
Science - Biology | 1 | 2 | 2 | 0 | 25 | 55 | 70.00 | 3 | 3 |
History - American History | 0 | 2 | 0 | 2 | 20 | 125 | 127.00 | 0 | 2 |
British and Commonwealth History | 1 | 0 | 0 | 0 | 15 | 36 | 36.00 | 1 | 1 |
Science - Chemistry | 0 | 1 | 0 | 0 | 10 | 128 | 128.00 | 0 | 0 |
Chemistry> | 0 | 1 | 0 | 0 | 10 | 90 | 90.00 | 0 | 1 |
Geography | 1 | 0 | 1 | 0 | 10 | 65 | 65.00 | 0 | 1 |
Other Arts: Visual | 0 | 1 | 0 | 0 | 10 | 118 | 118.00 | 0 | 1 |
Philosophy | 0 | 1 | 0 | 1 | 10 | 151 | 151.00 | 0 | 1 |
Ancient History and Archaeology | 0 | 1 | 0 | 1 | 10 | 131 | 131.00 | 0 | 0 |
Other Arts: Auditory | 0 | 0 | 1 | 0 | -5 | 0.00 | 0 | 0 |